00621nam a2200193 450000500170000002000210001704000330003808200160007110000230008724501270011025000120023726000460024930000280029550400180032365000230034165000220036465000180038670000230040420251202132824.0 aN/AcTZS 16618/= aMCCLbeng.eAACR 2nd.rev.ed. a346.096 LAX aLaxmanrao, Narayan aDishonour of cheques law and practice : bwith model forms and pleadingsc/ Narayan Laxmanrao foreword by T. CH. Surya Rao a2nd ed. aHyderabad : bS. Gogia & Company, cc2004 axxliv, 943 p. ;c25 cm. aInclude index aCompanies offences aQuestions of fact aNominal index aRao, T. CH. Surya